<?xml version="1.0" encoding="UTF-8"?><?xml-stylesheet type="text/xsl" href="static/style.xsl"?><OAI-PMH xmlns="http://www.openarchives.org/OAI/2.0/" xmlns:xsi="http://www.w3.org/2001/XMLSchema-instance" xsi:schemaLocation="http://www.openarchives.org/OAI/2.0/ http://www.openarchives.org/OAI/2.0/OAI-PMH.xsd"><responseDate>2026-04-27T21:41:18Z</responseDate><request verb="GetRecord" identifier="oai:uvadoc.uva.es:10324/48762" metadataPrefix="marc">https://uvadoc.uva.es/oai/request</request><GetRecord><record><header><identifier>oai:uvadoc.uva.es:10324/48762</identifier><datestamp>2021-09-21T21:17:32Z</datestamp><setSpec>com_10324_38</setSpec><setSpec>col_10324_852</setSpec></header><metadata><record xmlns="http://www.loc.gov/MARC21/slim" xmlns:doc="http://www.lyncode.com/xoai" xmlns:xsi="http://www.w3.org/2001/XMLSchema-instance" xmlns:dcterms="http://purl.org/dc/terms/" xsi:schemaLocation="http://www.loc.gov/MARC21/slim http://www.loc.gov/standards/marcxml/schema/MARC21slim.xsd">
<leader>00925njm 22002777a 4500</leader>
<datafield tag="042" ind1=" " ind2=" ">
<subfield code="a">dc</subfield>
</datafield>
<datafield tag="720" ind1=" " ind2=" ">
<subfield code="a">García Vicente, Emilio</subfield>
<subfield code="e">author</subfield>
</datafield>
<datafield tag="260" ind1=" " ind2=" ">
<subfield code="c">2021</subfield>
</datafield>
<datafield tag="520" ind1=" " ind2=" ">
<subfield code="a">Las energías renovables, en los últimos años, están adquiriendo mayor importancia en el ámbito nacional y mundial. En España, mediante el PNIEC se pretende conseguir una serie de objetivos, marcados de cara a 2030, con el fin de reducir los gases de efecto invernadero.&#xd;
Dentro de las energías renovables, la solar fotovoltaica, se encuentra en auge. Mediante el Real Decreto 244/2019, de autoconsumo energético, se pretende facilitar y animar a la población a utilizar instalaciones de autoconsumo, reduciendo la dependencia energética del extranjero. De este modo se impulsaría el sector energético español.&#xd;
En este trabajo se han detallado cada uno de los pasos para legalizar y tramitar la placa solar fotovoltaica situada en el Aulario IndUVa de Valladolid siguiendo el RD 244/2019 y apostando por un autoconsumo con excedentes acogido a compensación.</subfield>
</datafield>
<datafield tag="520" ind1=" " ind2=" ">
<subfield code="a">In recent years, renewable energies have become increasingly important both nationally and globally. In Spain, the PNIEC aims to achieve a series of objectives set for 2030 in order to reduce greenhouse gases.&#xd;
Among renewable energies, photovoltaic solar energy is on the rise. Royal Decree 244/2019, on energy self-consumption, aims to facilitate and encourage the population to use self-consumption installations, reducing energy dependence on foreign countries. In this way, the Spanish energy sector would be boosted.&#xd;
This work has detailed each of the steps to legalise and process the photovoltaic solar panel located in the Aulario IndUVa of Valladolid following the RD 244/2019 and opting for self-consumption with surpluses with compensation.</subfield>
</datafield>
<datafield tag="024" ind2=" " ind1="8">
<subfield code="a">https://uvadoc.uva.es/handle/10324/48762</subfield>
</datafield>
<datafield tag="245" ind1="0" ind2="0">
<subfield code="a">Legalización y puesta en marcha del panel fotovoltaico situado en el IndUVa.</subfield>
</datafield>
</record></metadata></record></GetRecord></OAI-PMH>